[Event "OMA-ch 11th"]
[Site "Muscat"]
[Date "2024.01.27"]
[Round "5"]
[White "Al Saidi, Mohammed Khalfan"]
[Black "Al Kathiri, Hassan"]
[Result "1-0"]
[WhiteElo "1827"]
[BlackElo "1585"]
[PlyCount "117"]
[EventDate "2024.01.24"]
[EventType "swiss"]
[EventRounds "9"]
[EventCountry "OMN"]
[SourceTitle "CB06_2024"]
[SourceDate "2024.02.07"]
[SourceVersion "1"]
[SourceVersionDate "2024.02.07"]
[SourceQuality "1"]

1. d4 Nf6 2. c4 e6 3. Nc3 d5 4. cxd5 exd5 5. Bg5 Be7 6. Qc2 Nc6 7. e3 0-0 8. a3 Bg4 9. Bd3 h6 10. Bh4 Re8 11. f3 Bc8 12. Bf2 Bd6 13. Nge2 Ne7 14. Nb5 c6 15. Nxd6 Qxd6 16. h3 b6 17. e4 dxe4 18. fxe4 Qd7 19. 0-0 Ng6 20. e5 Nd5 21. Bxg6 fxg6 22. Qxg6 Ba6 23. Qe4 Re6 24. Rfe1 Rf8 25. Ng3 Qf7 26. Nh1 Nf4 27. Re3 Rg6 28. Bg3 Nh5 29. e6 Qe8 30. e7 Rff6 31. d5 Nxg3 32. Nxg3 Bb7 33. d6 Rxd6 34. Nf5 Rd2 35. Rg3 Rxg3 36. Nxg3 Ba6 37. Qe5 Rd5 38. Qe6+ Kh7 39. Re1 Bc8 40. Qxc8 Qxc8 41. e8Q Qxe8 42. Rxe8 Rd3 43. Kf2 Rb3 44. Re2 c5 45. Ne4 Rb5 46. Ke3 Rb3+ 47. Kf4 c4 48. Ke5 b5 49. Kd4 Rd3+ 50. Kc5 a6 51. Kb6 Rb3 52. Kxa6 b4 53. Nc5 Rg3 54. axb4 c3 55. bxc3 Rxc3 56. Kb6 g5 57. b5 Ra3 58. Kc6 Ra2 59. Rxa2 1-0

[Event "OMA-ch 11th"]
[Site "Muscat"]
[Date "2024.01.24"]
[Round "1"]
[White "Al Saidi, Mohammed Khalfan"]
[Black "Al Yahmedi, Abdul Rahman"]
[Result "1-0"]
[WhiteElo "1827"]
[BlackElo "1158"]
[PlyCount "101"]
[EventDate "2024.01.24"]
[EventType "swiss"]
[EventRounds "9"]
[EventCountry "OMN"]
[SourceTitle "CB06_2024"]
[SourceDate "2024.02.07"]
[SourceVersion "1"]
[SourceVersionDate "2024.02.07"]
[SourceQuality "1"]

1. d4 Nf6 2. c4 d6 3. Nf3 g6 4. Nc3 Bg7 5. e4 0-0 6. Be2 Bg4 7. Ng5 Bxe2 8. Qxe2 e5 9. d5 Nbd7 10. Bd2 Nh5 11. Nh3 a5 12. Na4 c6 13. dxc6 bxc6 14. Bc3 Nb6 15. Nxb6 Qxb6 16. 0-0 f5 17. exf5 Rxf5 18. Kh1 d5 19. cxd5 cxd5 20. g4 Nf4 21. Nxf4 Rxf4 22. f3 d4 23. Be1 e4 24. Bg3 Rxf3 25. Qxe4 Rxf1+ 26. Rxf1 Rd8 27. Qe7 Qc6+ 28. Kg1 Qd7 29. Qxd7 Rxd7 30. Rd1 d3 31. b3 Bh6 32. h4 Be3+ 33. Kg2 Rd4 34. Kf3 Bh6 35. Be5 Rd7 36. Ke4 d2 37. g5 Bg7 38. Bxg7 Kxg7 39. Ke3 Kf7 40. Rxd2 Rxd2 41. Kxd2 Ke6 42. Ke3 Ke5 43. Kd3 Kd5 44. a3 Kc5 45. Ke4 Kd6 46. Kd4 Kc6 47. Ke5 Kc5 48. Kf6 Kd4 49. Kg7 Kc3 50. b4 a4 51. b5 1-0

[Event "OMA-ch 10th"]
[Site "Muscat"]
[Date "2023.02.19"]
[Round "5"]
[White "Al Kharusi, Mohammed"]
[Black "Al Saidi, Mohammed Khalfan"]
[Result "0-1"]
[WhiteElo "1504"]
[BlackElo "1676"]
[PlyCount "100"]
[EventDate "2023.02.16"]
[EventType "swiss"]
[EventRounds "9"]
[EventCountry "OMN"]
[SourceTitle "EXT 2024"]
[Source "ChessBase"]
[SourceDate "2023.10.10"]
[SourceVersion "1"]
[SourceVersionDate "2023.10.10"]
[SourceQuality "1"]

1. e4 c6 2. d4 d5 3. exd5 cxd5 4. Nf3 Nc6 5. c3 Bg4 6. h3 Bxf3 7. Qxf3 e6 8. Qg3 Nf6 9. Bd3 Rc8 10. Nd2 Qd6 11. Nf3 Qxg3 12. fxg3 Nh5 13. Bf4 f6 14. h4 Kd7 15. Kf2 Bd6 16. Bxd6 Kxd6 17. g4 Nf4 18. Bb5 a6 19. g3 Ng6 20. Bxc6 bxc6 21. h5 Nf8 22. h6 g5 23. Rae1 c5 24. Re2 Ng6 25. Rhe1 Rhe8 26. dxc5+ Rxc5 27. Nd4 Ne5 28. Kg2 Rc7 29. Kh3 Rg8 30. Kg2 Rg6 31. Nf3 Rc4 32. Rxe5 fxe5 33. Nxe5 Rf6 34. Nxc4+ dxc4 35. Re4 Kd5 36. Rd4+ Kc5 37. Rd7 Rxh6 38. Rg7 Kd5 39. Rxg5+ e5 40. b4 Ke4 41. Rf5 Rd6 42. Rf2 Kd3 43. Rf3+ Kd2 44. a4 e4 45. Rf4 Re6 46. b5 axb5 47. axb5 Kxc3 48. Kf2 Kd2 49. b6 e3+ 50. Kf3 e2 0-1

[Event "OMA-chT"]
[Site "Muscat"]
[Date "2019.02.08"]
[Round "8.1"]
[White "Salim, Mohammed Salim Al"]
[Black "Al Saidi, Mohammed Khalfan"]
[Result "1-0"]
[WhiteElo "1978"]
[BlackElo "1701"]
[PlyCount "57"]
[EventDate "2019.02.02"]
[EventType "team-swiss"]
[EventRounds "9"]
[EventCountry "OMN"]
[SourceTitle "CBM 189 Extra"]
[Source "ChessBase"]
[SourceDate "2019.06.03"]
[SourceVersion "1"]
[SourceVersionDate "2019.06.03"]
[SourceQuality "1"]

1. e4 c6 2. d4 d5 3. f3 g6 4. Nc3 Bg7 5. Be3 e6 6. Qd2 Qb6 7. 0-0-0 a5 8. h4 h5 9. g3 a4 10. Bh3 a3 11. b3 Nd7 12. Nge2 Qb4 13. Nf4 Bh6 14. exd5 cxd5 15. Rde1 Bxf4 16. Bxf4 Nb6 17. Be5 f6 18. Bc7 Kf7 19. Qe3 f5 20. g4 Ne7 21. gxf5 gxf5 22. Be5 Rg8 23. Ne2 Ng6 24. Qh6 Nxe5 25. dxe5 Qxh4 26. Reg1 Rf8 27. Bxf5 Qf2 28. Rg7+ Ke8 29. Qg6+ 1-0

[Event "OMA-chT"]
[Site "Muscat"]
[Date "2019.02.06"]
[Round "6.4"]
[White "Al Houti, Houd"]
[Black "Al Saidi, Mohammed Khalfan"]
[Result "1/2-1/2"]
[WhiteElo "1666"]
[BlackElo "1701"]
[PlyCount "40"]
[EventDate "2019.02.02"]
[EventType "team-swiss"]
[EventRounds "9"]
[EventCountry "OMN"]
[SourceTitle "CBM 189 Extra"]
[Source "ChessBase"]
[SourceDate "2019.06.03"]
[SourceVersion "1"]
[SourceVersionDate "2019.06.03"]
[SourceQuality "1"]

1. d4 Nf6 2. Bf4 e6 3. e3 d5 4. Nf3 Nbd7 5. c3 Nh5 6. Bg5 Be7 7. Bxe7 Qxe7 8. Nbd2 Nhf6 9. Bd3 0-0 10. 0-0 c5 11. e4 dxe4 12. Nxe4 Nxe4 13. Bxe4 Nf6 14. Qe2 cxd4 15. Nxd4 Nxe4 16. Qxe4 e5 17. Rfe1 Re8 18. Rad1 a6 19. Kh1 g6 20. Nb3 Bf5 1/2-1/2

[Event "Wch Blitz"]
[Site "Riadh"]
[Date "2017.12.30"]
[Round "15"]
[White "Al Saidi, Mohammed Khalfan"]
[Black "Miswadah, Baha"]
[Result "1/2-1/2"]
[WhiteElo "1468"]
[BlackElo "1877"]
[PlyCount "83"]
[EventDate "2017.12.29"]
[EventType "swiss (blitz)"]
[EventRounds "21"]
[EventCountry "SAU"]
[SourceTitle "CBM 182 Extra"]
[Source "ChessBase"]
[SourceDate "2018.02.23"]
[SourceVersion "1"]
[SourceVersionDate "2018.02.23"]
[SourceQuality "1"]

1. d4 Nf6 2. c4 e6 3. Nc3 d5 4. cxd5 exd5 5. Bg5 c6 6. e3 Be7 7. Bd3 0-0 8. Nge2 Nbd7 9. 0-0 Re8 10. a3 Nf8 11. Qc2 Ne4 12. Bxe7 Qxe7 13. Nxe4 dxe4 14. Bc4 Be6 15. Nf4 Bxc4 16. Qxc4 Ne6 17. Nxe6 Qxe6 18. Qxe6 Rxe6 19. Rfc1 Rd8 20. b4 Red6 21. Rc5 Rd5 22. Rac1 Rxc5 23. Rxc5 f6 24. Kf1 Kf7 25. b5 Rd6 26. bxc6 Rxc6 27. Rxc6 bxc6 28. Ke2 Ke6 29. Kd2 Kd5 30. Kc3 c5 31. dxc5 Kxc5 32. a4 a5 33. h4 h5 34. Kb3 g5 35. hxg5 fxg5 36. Kc3 h4 37. Kd2 g4 38. Ke2 Kc4 39. Kf1 Kb4 40. f3 gxf3 41. gxf3 exf3 42. Kf2 1/2-1/2

[Event "Wch Rapid"]
[Site "Riadh"]
[Date "2017.12.28"]
[Round "12"]
[White "Al Ghamdi, Ahmed M"]
[Black "Al Saidi, Mohammed Khalfan"]
[Result "1-0"]
[WhiteElo "2159"]
[BlackElo "1468"]
[PlyCount "117"]
[EventDate "2017.12.26"]
[EventType "swiss (rapid)"]
[EventRounds "15"]
[EventCountry "SAU"]
[SourceTitle "CBM 182 Extra"]
[Source "ChessBase"]
[SourceDate "2018.02.23"]
[SourceVersion "1"]
[SourceVersionDate "2018.02.23"]
[SourceQuality "1"]

1. e4 c5 2. Nf3 Nc6 3. Bb5 d6 4. 0-0 Bg4 5. h3 Bh5 6. c3 Qb6 7. Be2 Nf6 8. d3 e6 9. Nbd2 Be7 10. Nc4 Qc7 11. Bf4 b5 12. Ne3 0-0 13. Nd2 Bxe2 14. Qxe2 a5 15. a4 b4 16. Ndc4 Nd7 17. Bg3 Nb6 18. f4 Nxc4 19. Nxc4 f5 20. exf5 exf5 21. Ne3 Rae8 22. Nd5 Qd7 23. Qf3 Bd8 24. Rae1 Ne7 25. cxb4 cxb4 26. b3 Nxd5 27. Qxd5+ Kh8 28. Bf2 Rf6 29. Rxe8+ Qxe8 30. Re1 Qd7 31. Bd4 Rf8 32. Re6 Qf7 33. Rxd6 Qxd5 34. Rxd5 Kg8 35. Bc5 Re8 36. Rxf5 Bf6 37. Kf2 Kf7 38. Rd5 Ke6 39. Rd6+ Kf5 40. Kf3 h6 41. g4+ Kg6 42. Bd4 Re1 43. h4 Kf7 44. Bxf6 gxf6 45. Rd5 Rb1 46. Rxa5 Rxb3 47. Ke4 Ra3 48. d4 b3 49. Rb5 Rxa4 50. Rxb3 h5 51. Rb7+ Kf8 52. g5 fxg5 53. hxg5 Kg8 54. g6 h4 55. Rh7 Ra6 56. f5 Ra1 57. Rxh4 Re1+ 58. Kf4 Rd1 59. Ke5 1-0

[Event "Wch Rapid"]
[Site "Riadh"]
[Date "2017.12.27"]
[Round "9"]
[White "Al Saidi, Mohammed Khalfan"]
[Black "Masrahi, Abdulrahman A"]
[Result "1-0"]
[WhiteElo "1468"]
[BlackElo "1962"]
[PlyCount "45"]
[EventDate "2017.12.26"]
[EventType "swiss (rapid)"]
[EventRounds "15"]
[EventCountry "SAU"]
[SourceTitle "CBM 182 Extra"]
[Source "ChessBase"]
[SourceDate "2018.02.23"]
[SourceVersion "1"]
[SourceVersionDate "2018.02.23"]
[SourceQuality "1"]

1. d4 d5 2. c4 c6 3. Nf3 Nf6 4. Nc3 a6 5. Bg5 b5 6. c5 Bf5 7. Bxf6 exf6 8. b4 Be7 9. e3 0-0 10. Bd3 Bxd3 11. Qxd3 Nd7 12. 0-0 Qc7 13. a4 Ra7 14. Ra3 Rfa8 15. Rfa1 g6 16. Nd2 f5 17. Nb3 Nf6 18. Na5 f4 19. exf4 Qxf4 20. Nxc6 Rc7 21. axb5 h5 22. Qg3 Qxg3 23. hxg3 1-0

[Event "Wch Rapid"]
[Site "Riadh"]
[Date "2017.12.27"]
[Round "8"]
[White "Grigoriants, Sergey"]
[Black "Al Saidi, Mohammed Khalfan"]
[Result "1-0"]
[WhiteElo "2561"]
[BlackElo "1468"]
[PlyCount "42"]
[EventDate "2017.12.26"]
[EventType "swiss (rapid)"]
[EventRounds "15"]
[EventCountry "SAU"]
[SourceTitle "CBM 182 Extra"]
[Source "ChessBase"]
[SourceDate "2018.02.23"]
[SourceVersion "1"]
[SourceVersionDate "2018.02.23"]
[SourceQuality "1"]

1. e4 c5 2. Nf3 Nc6 3. Bb5 d6 4. 0-0 Bg4 5. h3 Bh5 6. Re1 Qb6 7. Nc3 e6 8. g4 Bg6 9. d4 cxd4 10. Nxd4 a6 11. Ba4 Nf6 12. Nd5 exd5 13. exd5+ Kd8 14. dxc6 Kc7 15. cxb7 Rd8 16. Re3 d5 17. Rc3+ Bc5 18. Bf4+ Kxb7 19. Rb3 Bb4 20. a3 a5 21. axb4 Ra8 1-0

[Event "Wch Rapid"]
[Site "Riadh"]
[Date "2017.12.26"]
[Round "5"]
[White "Al Saidi, Mohammed Khalfan"]
[Black "Omar, Noaman"]
[Result "1-0"]
[WhiteElo "1468"]
[BlackElo "2364"]
[PlyCount "55"]
[EventDate "2017.12.26"]
[EventType "swiss (rapid)"]
[EventRounds "15"]
[EventCountry "SAU"]
[SourceTitle "CBM 182 Extra"]
[Source "ChessBase"]
[SourceDate "2018.02.23"]
[SourceVersion "1"]
[SourceVersionDate "2018.02.23"]
[SourceQuality "1"]

1. d4 Nf6 2. c4 e6 3. Nc3 Bb4 4. Qc2 b6 5. a3 Bxc3+ 6. Qxc3 Ne4 7. Qc2 Bb7 8. Nh3 f5 9. f3 Nf6 10. e3 0-0 11. Bd3 c5 12. b3 Qe7 13. 0-0 Nc6 14. Bb2 g6 15. Rae1 e5 16. d5 Nd8 17. f4 Nf7 18. e4 fxe4 19. Bxe4 Nxe4 20. Qxe4 d6 21. fxe5 dxe5 22. Nf2 b5 23. Ng4 bxc4 24. bxc4 Nd6 25. Nh6+ Kg7 26. Bxe5+ Kxh6 27. Bf4+ Rxf4 28. Qxe7 1-0